Click the Poet Quiz Stats

Quiz Updated Sep 30, 2014

Also try: The Writer's Life
Challenge
Share
Tweet
Embed
Score 0/20 Timer 06:00
0 Plays Today
% Correct
William Shakespeare
68.2%
William Blake
57.7%
Lewis Carroll
56.1%
Elizabeth Barrett Browning
51.8%
William Wordsworth
48.8%
Dylan Thomas
48.7%
John Milton
46.7%
Allen Ginsberg
44.2%
Ogden Nash
40.6%
T.S. Eliot
38.2%
% Correct
Sylvia Plath
38%
Rudyard Kipling
37.5%
Emma Lazarus
35.5%
Joyce Kilmer
30%
Gwendolyn Brooks
28.8%
William Butler Yeats
28.5%
Robert Herrick
25.4%
Edna St Vincent Millay
21%
Billy Collins
18.7%
John Greenleaf Whittier
15.4%

You're not logged in!

Compare scores with friends on all Sporcle quizzes.
Join for Free
OR
Log In

You Might Also Like...

Show Comments

Extras

Top Quizzes Today


Score Distribution

Your Account Isn't Verified!

In order to create a playlist on Sporcle, you need to verify the email address you used during registration. Go to your Sporcle Settings to finish the process.

Report this User

Report this user for behavior that violates our Community Guidelines.

Details: